Générique Dancougar - Paroles - Statistiques

Statistiques générales
  • Ce quiz a été pris 2 fois
  • Le résultat moyen est 10 sur 16
Statistiques - réponses
Paroles % Correct
Contre tous les {méchants}
100%
{Dancougar}
100%
{Dancougar}
100%
{Dancougar}
100%
{Dancougar}
100%
Pour sauver l'espoir et l'{amitié}
100%
Amour et {liberté}
50%
Aux ennemis font {face}
50%
Et quels que soient les {dangers}
50%
L'amour et la {liberté}
50%
Les cadets de l'{espace}
50%
Pour qu'enfin s'entrouvre le {chemin}
50%
Qu'ils devront {affronter}
50%
Ils sauront faire {triompher}
0%
Ils s'en vont {vaillamment}
0%
Vers le monde de {demain}
0%
Aucun quiz correspondant
Distribution des résultats
% des personnes avec chaque résultat
Percentile par nombre de réponses
Votre historique - résultats
Vous n’avez pas pris ce quiz